Statistics for Black Ops 3 Ultimate Multiplayer Quiz

Click here to take the quiz!

General Stats

  • This quiz has been taken 198 times
  • The average score is 76 of 149

Answer Stats

Black Ops 3 MultiplayerAnswer% Correct
SMGVMP
87%
SMGKuda
85%
ARKN-44
83%
SniperLocus
83%
SMGVesper
79%
ShotgunHaymaker
78%
ARMan O War
78%
ARM8A7
77%
ShotgunArgus
76%
SMGPharo
76%
LMGDingo
75%
ARSheiva
75%
ShotgunBrecci
74%
LMGGorgon
74%
SMGRazorback
73%
LMGBRM
72%
SniperDrakon
72%
SMGWeevil
70%
LMG48 Dredge
69%
SniperP-06
69%
PistolRK5
69%
SniperSVG-100
69%
ARXR-2
68%
AttachmentFast Mags
67%
Specialist WeaponGravity Spikes
67%
ARICR-1
67%
MeleeCombat Knife
66%
ARHVK-30
66%
PistolMR6
66%
LauncherXM-53
66%
PistolL-Car9
65%
ScorestreakUAV
65%
LauncherBlackcell
64%
AttachmentExtended Mags
64%
AttachmentQuickdraw
63%
LethalSemtex
62%
ScorestreakCounter UAV
61%
OpticELO
61%
AttachmentGrip
61%
ScorestreakR.A.P.S.
61%
AttachmentRapid Fire
60%
AttachmentStock
59%
TacticalConcussion
58%
TacticalFlashbang
58%
LethalFrag
58%
Tier 1 PerkGhost
58%
Specialist WeaponH.I.V.E.
58%
ScorestreakMothership
58%
OpticReflex
58%
SpecialistsRuin
58%
Specialist WeaponSparrow
58%
OpticThermal
58%
LethalC4
57%
MapCombine
56%
Specialist WeaponRipper
56%
Specialist AbilityOverdrive
55%
ShotgunKRM-262
54%
Specialist AbilityVision Pulse
54%
ScorestreakCare Package
53%
ScorestreakHC-XD
53%
Specialist AbilityHeat Wave
53%
LethalTrip Mine
53%
ScorestreakG.I. Unit
52%
AttachmentLong Barrel
52%
LethalCombat Axe
51%
Specialist WeaponPurifier
51%
Specialist WeaponTempest
51%
Specialist WeaponWar Machine
51%
Specialist AbilityActive Camo
50%
Tier 3 PerkDead Silence
50%
SpecialistsFirebreak
50%
AttachmentHigh Caliber
50%
Tier 2 PerkScavenger
50%
AttachmentSuppressor
50%
AttachmentFMJ
49%
SpecialistsOutrider
49%
SpecialistsReaper
49%
SpecialistsSpectre
49%
SpecialistsBattery
48%
MapHunted
48%
WildcardOverkill
48%
OpticRecon
48%
Specialist WeaponScythe
48%
MapStronghold
48%
LethalThermite
48%
MapFringe
47%
Specialist AbilityGlitch
47%
ScorestreakH.A.T.R.
47%
AttachmentLaser Sight
47%
SpecialistsProphet
47%
ScorestreakWraith
47%
SpecialistsNomad
46%
ScorestreakHellstorm
45%
Specialist AbilityKinetic Armor
45%
SpecialistsSeraph
45%
Specialist AbilityRejack
44%
Tier 1 PerkAfterburner
42%
OpticBOA 3
42%
Tier 2 PerkFast Hands
42%
MapInfection
42%
MapRedwood
42%
TacticalShock Charge
42%
TacticalTrophy System
42%
OpticVarix 3
42%
MapAquarium
41%
Specialist AbilityCombat Focus
41%
TacticalEMP
41%
MapBreach
40%
MapExodus
40%
ScorestreakLightning Strike
40%
Specialist WeaponAnnihilator
39%
MapEvac
39%
ScorestreakGuardian
39%
Tier 2 PerkTracker
39%
Tier 3 PerkBlast Suppressor
38%
Tier 1 PerkFlak Jacket
38%
ScorestreakCerberus
37%
ScorestreakHardened Sentry
36%
WildcardPerk 1 Greed
36%
WildcardPerk 2 Greed
36%
WildcardPerk 3 Greed
36%
WildcardPrimary Gunfighter 1
36%
Specialist AbilityPsychosis
36%
Tier 2 PerkHard Wired
35%
MapNuk3town
35%
WildcardPrimary Gunfighter 2
35%
WildcardPrimary Gunfighter 3
35%
Tier 1 PerkSixth Sense
35%
Tier 3 PerkTactical Mask
35%
Tier 3 PerkGung-Ho
34%
Tier 2 PerkCold Blooded
33%
ScorestreakDart
33%
MapMetro
33%
ScorestreakPower Core
33%
Tier 2 PerkAnte Up
32%
Tier 1 PerkBlind Eye
32%
MapHavoc
32%
Tier 1 PerkOverclock
32%
TacticalSmoke Screen
31%
ScorestreakTalon
31%
Tier 3 PerkAwareness
30%
TacticalBlack Hat
30%
WildcardDanger Close
30%
ScorestreakRolling Thunder
29%
AttachmentDual Wield
27%
Tier 3 PerkEngineer
27%
WildcardSecondary Gunfighter
27%
WildcardTactician
27%
AttachmentBallistics CPU
24%

Score Distribution

Percentile by Number Answered

Percent of People with Each Score

Your Score History

You have not taken this quiz